| 000 | 00715nam a2200205Ii 4500 | ||
|---|---|---|---|
| 003 | JO-AjNU | ||
| 008 | 230605s9999||||xx |||||||||||||| ||und|| | ||
| 017 | _a2006/2/367 | ||
| 040 |
_aJO-AjNU _bara _erda _cJO-AjNU |
||
| 041 | _aara | ||
| 050 | 1 | 4 | _aBP179.R37 2006 |
| 100 | 3 |
_aتاليف الردايدة، أحمد حسن شحادة, _eauthor _956917 |
|
| 245 | 0 | 0 | _aرسالة الصيام: حقيقنها... أحكامها... بعض من عبرها |
| 264 | 3 | 1 | _aاربد- الاردن: المؤلف، 2006 |
| 300 | _a159ص | ||
| 336 |
_atext _btxt _2rdacontent |
||
| 337 |
_aunmediated _bn _2rdamedia |
||
| 338 |
_avolume _bnc _2rdacarrier |
||
| 650 | 4 |
_aالصوم - الاسلام - العبادات _956918 |
|
| 999 |
_aA25475 _c29043 _d29043 |
||